Normal view
MARC view
- اللغة العربية-تعلم وتعليم-تعليم اللغة العربية لغير الناطقين بها
Entry Topical Term
001 - CONTROL NUMBER
- control field: 48499
003 - CONTROL NUMBER IDENTIFIER
- control field: JO-AjAnu
005 - DATE AND TIME OF LATEST TRANSACTION
- control field: 20230606082010.0
008 - FIXED-LENGTH DATA ELEMENTS
- fixed length control field: 230606|| aca||aabn | a|a d
040 ## - CATALOGING SOURCE
- Original cataloging agency: JO-AjAnu
- Transcribing agency: JO-AjAnu
150 ## - HEADING--TOPICAL TERM
- Topical term or geographic name entry element: اللغة العربية-تعلم وتعليم-تعليم اللغة العربية لغير الناطقين بها
670 ## - SOURCE DATA FOUND
- Source citation: Work cat.: (JO-AjAnu)24811: اعداد بني عطا،جميل، م.مشارك: سليمان العباس؛ صالح أبو صيني؛عبد الله الخباص, author 48498, منهاج تعليم اللغة العربية لغير الناطقين بها